LEADER 01484cam0-22005291i-450- 001 990007375480403321 005 20060322122517.0 035 $a000737548 035 $aFED01000737548 035 $a(Aleph)000737548FED01 035 $a000737548 100 $a20021129d1996----km-y0itay50------ba 101 0 $aita 102 $aIT 105 $ay-------001yy 200 1 $aSociologia del mercato del lavoro$fEmilio Reyneri 210 $aBologna$cil Mulino$dİ1996 215 $a443 p.$cill.$d24 cm 225 1 $aStrumenti$iSociologia 610 0 $aSviluppo, sottosviluppo e squilibri territoriali 610 0 $aMercato del lavoro$aSociologia 610 0 $aMercato del lavoro$aItalia$aAspetti sociali 610 0 $aDisoccupazione$aItalia 610 0 $aImmigrati$aItalia$aMercato del lavoro 676 $a330$v11$zita 676 $a306.36 676 $a050.012 676 $a18200 676 $a331.1370945 700 1$aReyneri,$bEmilio$f<1943- >$025997 801 0$aIT$bUNINA$gRICA$2UNIMARC 901 $aBK 912 $a990007375480403321 952 $aXV N 77$fDTE 952 $aDPR 29/875$b20697$fDEC 952 $aVI A 1432$b28025$fFSPBC 952 $a050.012.REY$b462$fDECGE 952 $a18200 REY/96$b16518$fSES 952 $a331.120945 REY 1$b5789$fBFS 959 $aDTE 959 $aDEC 959 $aFSPBC 959 $aDECGE 959 $aSES 959 $aBFS 996 $aSociologia del mercato del lavoro$938376 997 $aUNINA LEADER 01459nam a2200313 i 4500 001 991002732129707536 005 20020508205056.0 008 960923s1994 us ||| | eng 020 $a0160418135$c135000 035 $ab11052338-39ule_inst 035 $aPARLA167957$9ExL 040 $aDip.to Scienze Storiche Fil. e Geogr.$bita 100 1 $aMiller, James E.$093268 245 10$aEastern Europe; Cyprus; Greece; Turkey /$cEditor James E. Miller ; general editor Glenn W. LaFantasie 260 $aWashingtonn :$bUnited States Government Printing Office,$c1994 300 $axxii, 788 p. ;$c24 cm. 490 0 $aForeign relations of the United States, 1961-1963 ;$v16 650 4$aStati Uniti d'America$xRelazioni estere - Cipro 650 4$aStati Uniti d'America$xRelazioni estere$zGrecia 650 4$aStati Uniti d'America$xRelazioni estere - Turchia 650 4$aTurchia$zStati Uniti$xRelazioni estere 700 1 $aLa Fantasie, Glenn W. 907 $a.b11052338$b23-02-17$c28-06-02 912 $a991002732129707536 945 $aLE009 Enc. Amer. 5/16 bis Sala Fonti e documenti$g2$i2009000045873$lle009$o-$pE0.00$q-$rn$so $t0$u1$v0$w1$x0$y.i11177056$z28-06-02 945 $aLE009 Enc. Amer. 5/16 Sala Fonti e documenti$g1$iLE009N-6656$lle009$o-$pE0.00$q-$rn$so $t0$u0$v0$w0$x0$y.i11177068$z28-06-02 996 $aEastern Europe; Cyprus; Greece; Turkey$9859205 997 $aUNISALENTO 998 $ale009$b01-01-96$cm$da $e-$feng$gus $h0$i2